000 00335nam a2200121Ia 4500
008 210430s9999 xx 000 0 und d
082 _a331H968 P
100 _aIshrat Husain
_953689
245 _aPakistan The Economy Of An Elitist State
_cIshrat Husain
260 _aNewYork
_bIshrat Husain
_c2009
300 _a451p
942 _cBK
_2ddc
999 _c563859
_d563859